[Event "Kimberley Moja op"]
[Site "Kimberley"]
[Date "2022.03.21"]
[Round "6"]
[White "Mathebula, Xolani Cebo"]
[Black "Karsten, Jan"]
[Result "1-0"]
[WhiteElo "1752"]
[BlackElo "1679"]
[PlyCount "53"]
[EventDate "2022.03.19"]
[EventType "swiss"]
[EventRounds "7"]
[EventCountry "RSA"]
[SourceTitle "EXT 2023"]
[Source "ChessBase"]
[SourceDate "2022.10.05"]
[SourceVersion "1"]
[SourceVersionDate "2022.10.05"]
[SourceQuality "1"]

1. e4 e6 2. d4 d5 3. Nc3 Bb4 4. exd5 exd5 5. Bd3 Nf6 6. Nge2 0-0 7. Bg5 c6 8. Qd2 Be7 9. f3 Nbd7 10. h4 Re8 11. 0-0-0 b5 12. Ng3 a5 13. Nf5 Bf8 14. g4 a4 15. h5 b4 16. Ne2 Qb6 17. Bf4 c5 18. g5 c4 19. gxf6 Nxf6 20. Be5 cxd3 21. Qxd3 b3 22. a3 Ba6 23. Qd2 bxc2 24. Rdg1 Bxa3 25. Rxg7+ Kh8 26. Rxh7+ Kg8 27. Rg7+ 1-0

[Event "Bloemfontein-ch op"]
[Site "Bloemfontein"]
[Date "2018.07.08"]
[Round "2"]
[White "Marais, Franco"]
[Black "Mathebula, Xolani Cebo"]
[Result "1-0"]
[WhiteElo "1857"]
[BlackElo "1471"]
[PlyCount "133"]
[EventDate "2018.07.07"]
[EventType "swiss"]
[EventRounds "11"]
[EventCountry "RSA"]
[SourceTitle "EXT 2019"]
[Source "ChessBase"]
[SourceDate "2018.10.10"]
[SourceVersion "1"]
[SourceVersionDate "2018.10.10"]
[SourceQuality "1"]

1. d4 Nf6 2. c4 c5 3. d5 b5 4. Qc2 d6 5. e4 b4 6. Nf3 Nbd7 7. h3 a5 8. Be3 a4 9. Nbd2 g6 10. Bd3 Bg7 11. 0-0 0-0 12. Rae1 Qc7 13. Qc1 Ba6 14. Bb1 Rfe8 15. Rd1 Reb8 16. Rfe1 Ne8 17. Nh2 a3 18. b3 Rd8 19. Bg5 Nef6 20. Ndf1 Re8 21. Bh6 Bh8 22. f4 e6 23. Nf3 exd5 24. exd5 Rxe1 25. Rxe1 Re8 26. Rxe8+ Nxe8 27. Qe1 Ndf6 28. N1d2 Bc8 29. g4 Qd7 30. f5 Bg7 31. Bf4 Bf8 32. Kg2 Qe7 33. Qxe7 Bxe7 34. fxg6 hxg6 35. Kg3 Kg7 36. Bd3 Nh7 37. Ne4 f6 38. h4 Nf8 39. Nf2 Nd7 40. g5 Ne5 41. gxf6+ Nxf6 42. Nxe5 Nh5+ 43. Kf3 Nxf4 44. Kxf4 dxe5+ 45. Kxe5 Bxh4 46. Ne4 g5 47. Nxc5 Bg3+ 48. Ke4 Kf6 49. Kf3 Bf4 50. Be4 Bd6 51. Nd3 g4+ 52. Ke3 Bf8 53. c5 Kg5 54. d6 Be6 55. Nxb4 Kh4 56. Nc2 Bh6+ 57. Kf2 g3+ 58. Kg2 Bh3+ 59. Kh1 Be6 60. Nxa3 Kg4 61. Kg2 Be3 62. b4 Bxa2 63. c6 Kf4 64. c7 Be6 65. Bc6 Bb6 66. Nc4 Bxc4 67. c8Q 1-0